| 000 | 00665cam a2200193 a 4500 | ||
|---|---|---|---|
| 020 | _a0821361627 | ||
| 020 | _a0821361635 | ||
| 020 | _a9780821361627 | ||
| 040 | _cDJB | ||
| 082 | _a363 ASI 2005 A089 Or. | ||
| 245 | 0 | 0 |
_aConnecting East Asia : _ba new framework for infrastructure |
| 260 |
_a[Mandaluyong City, Philippines] : _bAsian Development Bank ; _a[Tokyo] : _bJapan Bank for International Cooperation ; _a[Washington, D.C.] : _bWorld Bank, _cc2005 |
||
| 300 |
_alvi, 251 p. : _bill. ; _c24 cm |
||
| 650 | 0 | _aInfrastructure (Economics) | |
| 710 | 2 | _aAsian Development Bank | |
| 710 | 2 | _aKokusai Ky¿ryoku Gink¿ | |
| 710 | 2 | _aWorld Bank | |
| 942 | _cEK | ||
| 999 |
_c16399 _d16399 |
||